000 00275nam a2200121 a 4500
008 101210s1956|||| d
100 1 _aPražák, P.
245 1 0 _aBedřich Smetana
260 _bOsveta
_aBratislava
_c1956
020 _c2,80
041 _aslo
044 _axo
_cSK
999 _c15118
_d15118